000 00888nam a22001937a 4500
003 BR-ViAPE
005 20260417113821.0
008 260417s1922 por gs||||s000 0 por d
040 _cBR-ViAPE
110 _aEspírito Santo
_bEstado
245 _aRelatório apresentado pelo Secretario da Instrução a S. Exa. o Snr. Presidente do Estado do Espírito Santo em agosto de 1922
260 _aVitória
_bTyp. Pap. Livr. Samorini & cia.
_c1922
300 _a83 p.
_bDocumento digitalizado (PDF)
500 _aDocumento digitalizado do acervo institucional do Arquivo Público do Estado do Espírito Santo - APEES.
650 _xAdministração pública
_zEspírito Santo
651 _aEspírito Santo
_xRelatórios governamentais
856 _uhttps://ape.es.gov.br/Media/ape/PDF/Relatorios/1919/relatorio2%20-%20ano%201922.pdf
_yCLIQUE AQUI PARA ACESSAR O DOCUMENTO
942 _2ddc
_cMSGREL
_n1
999 _c489
_d489